000 00854nam a2200277 i 4500
005 20260322212043.0
008 data
010 _a 75036905
020 _a0471615048
020 _a9780471615040
040 _aDLC
_cDLC
_dCtY
050 0 _aHM206
_b.M66
060 _aBF352 M825h
090 _aBF 352 M789h 1976
100 1 _aMoos, Rudolf H.,
_d1934-
245 1 4 _aThe human context :
_benvironmental determinants of behavior /
_cRudolf H. Moos.
260 0 _aNew York :
_bWiley,
_cc1976.
300 _axiv, 444 p. :
_bill. ;
_c24 cm.
500 _a"A Wiley-Interscience publication."
504 _aIncludes bibliographical references and index.
590 _aIncludes bibliographical references and indexes. "A Wiley-Interscience publication."
650 0 _aHuman ecology.
650 2 _aBehavior.
650 2 _aSocial Environment.
001 data
999 _c1013
_d1013